| 000 | 00681cam a22002291 4500 | ||
|---|---|---|---|
| 001 | med48000645 | ||
| 003 | DLC | ||
| 005 | 20260227111610.0 | ||
| 008 | 810815s1948 xx a b 000 0 eng | ||
| 010 | _amed48000645 | ||
| 035 | _a(OCoLC)14657284 | ||
| 040 |
_aDLC _cDNLM _dDLC |
||
| 042 | _apremarc | ||
| 050 | 0 | 0 |
_aRD621 _b.W3 1947 |
| 060 | 0 |
_aWI 950 _bW339h 1948 |
|
| 100 | 1 |
_aWatson, Leigh Festus, _d1884- |
|
| 245 | 1 | 0 | _aHernia; anatomy, etiology, symptoms, diagnosis, differential diagnosis, prognosis, and treatment. |
| 250 | _a3d ed., enl. and thoroughly rev. | ||
| 260 |
_aSt. Louis, _bMosby, _c1948. |
||
| 300 |
_a732 p. _bill. |
||
| 504 | _aIncludes bibliographies. | ||
| 999 |
_c38918 _d38918 |
||